| 000 | 00616nam a22002057a 4500 | ||
|---|---|---|---|
| 999 |
_c17936 _d17936 |
||
| 003 | AR-CdUCM | ||
| 008 | 190510b ||||| |||| 00| 0 spa d | ||
| 040 |
_aMUNICIPALIDAD PROVINCIAL DEL CUSCO _cBIBLIOTECA MUNICIPAL DEL CUSCO |
||
| 082 |
_a300 / _bF89 |
||
| 100 |
_aFuenzalida V., Fernando _924249 |
||
| 245 | _aCiencias sociales / | ||
| 260 |
_aLima : _bStudium, |
||
| 300 |
_a409 páginas ; _c17 cm. |
||
| 505 | _aContenido: Ciencias sociales. | ||
| 650 |
_aSociologĂa _9276 |
||
| 650 |
_aModelos de sociedades _938204 |
||
| 650 |
_aHechos social _938205 |
||
| 942 |
_2ddc _cLIBROS |
||
| 945 |
_adavv _d2019-05-10 |
||